LEADER 00931nam0-2200325---450- 001 990009915720403321 005 20141112110128.0 010 $a978-88-387-8391-3 035 $a000991572 035 $aFED01000991572 035 $a(Aleph)000991572FED01 035 $a000991572 100 $a20141112d2013----km-y0itay50------ba 101 0 $aita 102 $aIT 105 $ay-------001yy 200 1 $aNuove dimensioni del servizio sociale$fa cura di Franca Dente 210 $aSantarcangelo di Romagna$cMaggioli$d2013 215 $a161 p.$d24 cm 225 1 $aLavoro di cura e di comunitą$v122 610 0 $aServizi sociali$aItalia 676 $a361.945$v22$zita 702 1$aDente,$bFranca 801 0$aIT$bUNINA$gREICAT$2UNIMARC 901 $aBK 912 $a990009915720403321 952 $aIX B 127 (122)$b51657$fFSPBC 959 $aFSPBC 996 $aNuove dimensioni del servizio sociale$9831306 997 $aUNINA LEADER 01348nam2 22003373i 450 001 CAG1342846 005 20231121125421.0 100 $a20181212d2007 ||||0itac50 ba 101 | $aita 102 $ait 181 1$6z01$ai $bxxxe 182 1$6z01$an 200 1 $a˜4: œAntonio Vivaldi$f[Eduardo Rescigno, Anelide Nascimbene, Luigi Di Fronzo] 210 $aMilano$cCorriere della Sera$aSkira$d[2007] 215 $a157 p.$cill.$d21 cm 300 $aIndicazione di responsabilitą dal sommario 300 $aEd. speciale per il Corriere della sera. 461 1$1001LO11111713$12001 $a˜I œclassici della musica$fa cura di Eduardo Rescigno$v4 606 $aVivaldi, Antonio <1678-1741>$2FIR$3CFIC232356$9E 676 $a780.92$9Persone operanti nel campo della musica$v22 700 1$aRescigno$b, Eduardo$3CFIV007318$4070$0158783 701 1$aNascimbene$b, Anelide$3CFIV087981$4070$0744883 701 1$aDi Fronzo$b, Luigi$3RAVV048357$4070$0744882 801 3$aIT$bIT-01$c20181212 850 $aIT-FR0017 899 $aBiblioteca umanistica Giorgio Aprea$bFR0017 $eN 912 $aCAG1342846 950 2$aBiblioteca umanistica Giorgio Aprea$d 52DCB Res.Ant.$e 52SBA0000249125 VMB RS $fA $h20181212$i20181212 977 $a 52 996 $aAntonio Vivaldi$91484632 997 $aUNICAS